00290nam a2200121Ia 4500008004100000041000900041082001800050100002400068245002400092260003600116300000800152650000800160230718s9999 xx 000 0 und d aEng. a346.08bBUT-C aButt; Pervaiz Saima 0aCokistan Penel cede aPakistanbImran law rodi c2006 a520 aLaw